| 000 | 00454nam a2200157 i 4500 | ||
|---|---|---|---|
| 001 | 52924 | ||
| 003 | ES-MaACL | ||
| 005 | 20230906162653.0 | ||
| 007 | t| | ||
| 008 | 030910s1913 fr ||||1| fre d | ||
| 100 | 1 |
_aDelassus, E. _943326 |
|
| 245 | 1 | 0 |
_aLeçons sur la dynamique des systémes materiels / _cpar E. Delassus. |
| 260 |
_aParis : _b[s.n.], _c1913 ( _eSaint Amand : _fBussière) |
||
| 300 |
_aXII, 421 p. ; _c25 cm. |
||
| 852 |
_aES-MaACL _jA-25 |
||
| 999 |
_c52924 _d52924 |
||